|
|
|
|
| LEADER |
00000nab a2200000 a 4500 |
| 001 |
vtls008984978 |
| 003 |
SK-MaSNL |
| 005 |
20260303065415.0 |
| 008 |
070430c20070213xo dr n 000 00slo |
| 038 |
|
|
|a SVKPOCL
|
| 040 |
|
|
|a SVKPOCL
|b slo
|c AACR2
|e AACR2
|
| 041 |
|
|
|a slo
|
| 044 |
|
|
|a xo
|c SK
|
| 080 |
|
|
|a 373.6:64
|2 2001
|
| 100 |
1 |
|
|a Országh, Milan
|4 aut
|9 371464
|
| 245 |
1 |
0 |
|a Prvým šéfkuchárom Peter Chudík
|b Floriánka s vylepšenou vizážou a zmodernizovanou prevádzkou
|c Milan Országh ; foto: Viktor Zamborský
|
| 300 |
|
|
|a Fotogr.
|
| 610 |
2 |
7 |
|a Hotelová akadémia (Prešov, Slovensko)
|2 svkpocl
|9 442402
|
| 650 |
0 |
7 |
|a prevádzkové priestory
|x modernizácia
|2 svkpocl
|9 1065411
|
| 651 |
|
7 |
|a Prešov (Slovensko)
|2 svkpocl
|9 17347
|
| 700 |
1 |
|
|a Zamborský, Viktor,
|d 1957-
|4 pht
|9 371463
|
| 773 |
0 |
|
|t Prešovský večerník
|g Roč. XVIII, č. 4137 (13.2.2007), s. 11
|x 1336-4030
|
| 852 |
|
|
|a SVKPO
|b KIS3GCP
|
| 856 |
4 |
1 |
|u www.vecernik.po.sk
|
| 958 |
|
|
|a RG
|
| 999 |
|
|
|c 1751075
|d 1753005
|